000 00316nam a2200121Ia 4500
005 20251222154304.0
008 251222s9999||||xx |||||||||||||| ||spa||
020 _a84-7456-304-6
082 _a613.2/M44
100 _a"Mestre, Rodri"
245 0 _a"El hábito de comer: Consejos, recetas e itinerarios"
942 _cLIB
999 _c33147
_d33147